| 000 | 00549nab a2200145Ia 4500 | ||
|---|---|---|---|
| 003 | ES-SlBCS | ||
| 005 | 20210601144301.0 | ||
| 008 | 140529s2006 xxu||||| |||| 00| 0 spa d | ||
| 041 | _aspa | ||
| 100 | 1 |
_aOliveros Martín-Varés, Laura _9228917 |
|
| 245 | 0 | 0 |
_aIdentificación de competencias: una estrategia para la formación en el Espacio Europeo de Educación Superior _c Laura Oliveros Martín-Varés |
| 650 | 0 | 4 |
_aCompetencias _9213880 |
| 773 | 0 |
_tRevista Complutense de Educación _gvol. 17, nº. 1, 2006, págs. 101-118 _wRev1338 |
|
| 942 | _cAR | ||
| 999 |
_c706217 _d706217 |
||